| 000 | 00454nam a22001697a 4500 | ||
|---|---|---|---|
| 003 | SGT | ||
| 020 | _a9788126558599 | ||
| 082 |
_a150 _bI23S |
||
| 100 | _aSPECTOR, PAUL E. | ||
| 245 | _aINDUSTRIAL ORGANIZATIONAL PSYCHOLOGY RESEARCH AND PRACTICE | ||
| 250 | _a1ST | ||
| 260 |
_aINDIA _bWILEY PUB _c2023 |
||
| 300 | _a441 | ||
| 650 | _aCLINICAL PSYCHOLOGY | ||
| 653 | _aINDUSTRIAL ORGANIZATIONAL PSYCHOLOGY RESEARCH AND PRACTICE | ||
| 942 |
_2ddc _cBK |
||
| 999 |
_c26862 _d26862 |
||